[Event "TCh-TUR Super League 2015"]
[Site "Kocaeli TUR"]
[Date "2015.08.08"]
[Round "5.4"]
[Board "2"]
[White "Solak, Dragan"]
[Black "Haznedaroglu, Kivanc"]
[Result "1/2-1/2"]
[WhiteTitle "GM"]
[BlackTitle "GM"]
[WhiteElo "2622"]
[BlackElo "2451"]
[WhiteTeam "Besiktas Jimnastik Kulubu"]
[BlackTeam "T.S Alyans Satranc Sports Club"]
[WhiteFideId "916811"]
[BlackFideId "6300634"]
[EventDate "2015.08.04"]

1. e4 e5 2. Nf3 Nc6 3. Bb5 Nge7 4. Nc3 d6 5. d4 a6 6. Be2 exd4 7. Nxd4 Nxd4 8.
Qxd4 Nc6 9. Qe3 g6 10. Qg3 Bg7 11. Bg5 f6 12. Be3 Be6 13. h4 Qd7 14. h5 O-O-O
15. h6 Bf8 16. O-O-O Qf7 17. Nd5 Re8 18. Bc4 Na5 19. Bb3 Nxb3+ 20. axb3 Be7 21.
Nxe7+ Rxe7 22. Bd4 Bd7 23. Qc3 Rhe8 24. Bxf6 1/2-1/2

[Event "TCh-TUR Super League 2015"]
[Site "Kocaeli TUR"]
[Date "2015.08.08"]
[Round "5.4"]
[Board "3"]
[White "Soylu, Suat"]
[Black "Mamedov, Rauf"]
[Result "1/2-1/2"]
[WhiteTitle "IM"]
[BlackTitle "GM"]
[WhiteElo "2377"]
[BlackElo "2651"]
[WhiteTeam "T.S Alyans Satranc Sports Club"]
[BlackTeam "Besiktas Jimnastik Kulubu"]
[WhiteFideId "6300065"]
[BlackFideId "13401653"]
[EventDate "2015.08.04"]

1. e4 c5 2. Nf3 Nc6 3. Bb5 g6 4. O-O Bg7 5. c3 Nf6 6. Re1 O-O 7. d4 cxd4 8. cxd4
d5 9. e5 Ne4 10. Bxc6 bxc6 11. Nbd2 Bf5 12. Nh4 Be6 13. Nb3 g5 14. Nf3 f6 15.
Nxg5 fxg5 16. f3 h6 17. fxe4 dxe4 18. Nc5 1/2-1/2

[Event "TCh-TUR Super League 2015"]
[Site "Kocaeli TUR"]
[Date "2015.08.08"]
[Round "5.4"]
[Board "4"]
[White "Atakisi, Umut"]
[Black "Arduman, Can"]
[Result "1-0"]
[WhiteTitle "IM"]
[BlackTitle "IM"]
[WhiteElo "2332"]
[BlackElo "2328"]
[WhiteTeam "Besiktas Jimnastik Kulubu"]
[BlackTeam "T.S Alyans Satranc Sports Club"]
[WhiteFideId "6301037"]
[BlackFideId "6300022"]
[EventDate "2015.08.04"]

1. e4 d6 2. d4 Nf6 3. Nc3 g6 4. Nf3 Bg7 5. Be2 O-O 6. O-O Bg4 7. h3 Bxf3 8. Bxf3
Nc6 9. Ne2 Nd7 10. c3 e6 11. Be3 Nb6 12. b3 a5 13. a4 Nd7 14. Qd2 e5 15. Ng3 Re8
16. Be2 exd4 17. cxd4 h5 18. f3 Nb4 19. Rac1 c6 20. Nh1 Qe7 21. Nf2 Nf6 22. Rfe1
Qf8 23. Nd3 Nxd3 24. Bxd3 Kh7 25. g4 Qe7 26. Kg2 Qe6 27. g5 Nd7 28. d5 cxd5 29.
exd5 Qe7 30. Rc7 Qd8 31. Rec1 Re7 32. Rxb7 Ne5 33. Rxe7 Qxe7 34. Bb5 f6 35. f4
Nf7 36. h4 Qe4+ 37. Kg3 fxg5 38. hxg5 Nxg5 39. Qe2 h4+ 40. Kxh4 Nf7 41. Bd2 Qxd5
42. Bc6 Bf6+ 43. Kg3 Qxb3+ 44. Qf3 Qxf3+ 45. Kxf3 Ra7 46. Ke4 Nh6 47. Rb1 Nf5
48. Rb7+ Rxb7 49. Bxb7 Bd8 50. Kd5 Kg7 51. Ke6 Bb6 52. Bc3+ Bd4 53. Bxa5 Be3 54.
Bd8 Bxf4 55. a5 Be3 56. Bb6 Nd4+ 57. Kxd6 Kf6 58. Bc6 Bf4+ 59. Kd7 Ne6 60. a6
Nc7 61. a7 1-0

[Event "TCh-TUR Super League 2015"]
[Site "Kocaeli TUR"]
[Date "2015.08.08"]
[Round "5.4"]
[Board "5"]
[White "Ushenina, Anna"]
[Black "Ozturk, Kubra"]
[Result "1-0"]
[WhiteTitle "GM"]
[BlackTitle "WGM"]
[WhiteElo "2435"]
[BlackElo "2240"]
[WhiteTeam "T.S Alyans Satranc Sports Club"]
[BlackTeam "Besiktas Jimnastik Kulubu"]
[WhiteFideId "14110911"]
[BlackFideId "6302599"]
[EventDate "2015.08.04"]

1. d4 d5 2. Nf3 Nf6 3. c4 dxc4 4. Qa4+ Nc6 5. e3 Bd7 6. Qxc4 e6 7. a3 a5 8. b3
Bd6 9. Bb2 O-O 10. Nbd2 Re8 11. Ne5 Nd5 12. Nxd7 Qxd7 13. Bd3 Nf6 14. O-O e5 15.
d5 Ne7 16. e4 Ng6 17. g3 h5 18. Rfe1 b6 19. Qb5 Qe7 20. Nc4 Bc5 21. Ne3 Red8 22.
Nf5 Qf8 23. Kg2 Ne8 24. Be2 h4 25. Bh5 Nf6 26. Qe2 Rac8 27. Bxg6 fxg6 28. Nxh4
Nxe4 29. f3 Ng5 30. Qxe5 Nf7 31. Qe4 g5 32. Nf5 Re8 33. Qd3 Rxe1 34. Rxe1 g6 35.
Ne7+ 1-0

[Event "TCh-TUR Super League 2015"]
[Site "Kocaeli TUR"]
[Date "2015.08.08"]
[Round "5.4"]
[Board "6"]
[White "Arat, Ufuk Sezen"]
[Black "Koksal, Ege"]
[Result "1/2-1/2"]
[WhiteTitle "FM"]
[BlackTitle "FM"]
[WhiteElo "2409"]
[BlackElo "2347"]
[WhiteTeam "Besiktas Jimnastik Kulubu"]
[BlackTeam "T.S Alyans Satranc Sports Club"]
[WhiteFideId "6309089"]
[BlackFideId "6317626"]
[EventDate "2015.08.04"]

1. d4 d5 2. c4 e6 3. Nf3 Nf6 4. g3 dxc4 5. Bg2 a6 6. O-O Nc6 7. Nc3 Rb8 8. e4
Be7 9. Qe2 b5 10. d5 Nb4 11. b3 exd5 12. exd5 O-O 13. bxc4 bxc4 14. Qxc4 Nbxd5
15. Ne5 Bb7 16. Rd1 c6 17. Rb1 Qc8 18. Na4 Bd6 19. Bb2 Qc7 20. Nd3 Bc8 21. Ndc5
Rb5 22. Bd4 Be5 23. Bxe5 Qxe5 24. Nd3 Qd6 25. Nac5 Bf5 26. a4 Nb6 27. Qc2 Rxb1
28. Qxb1 Nbd5 29. Qc1 a5 30. Nb3 Bxd3 31. Rxd3 Ra8 32. Nd4 Nb4 33. Rd2 Rd8 34.
Nb3 Qc7 35. Rxd8+ Qxd8 36. Bxc6 Nxc6 37. Qxc6 Qd1+ 38. Kg2 Qd5+ 39. Qxd5 Nxd5
40. Kf3 Nb6 41. Nc5 Kf8 42. Ke4 Ke7 43. Kd4 Kd6 44. Ne4+ Kd7 45. Nc3 Kc6 46. f4
Kd6 47. g4 f6 48. h4 Kc6 49. h5 Kd6 50. Ne4+ Ke7 51. Nc3 Kd6 52. Ne4+ Ke7 53.
Nc3 Kd6 54. Ne4+ Ke7 1/2-1/2

[Event "TCh-TUR Super League 2015"]
[Site "Kocaeli TUR"]
[Date "2015.08.08"]
[Round "5.4"]
[Board "7"]
[White "Dedebas, Emre Emin"]
[Black "Gokerkan, Cem Kaan"]
[Result "1/2-1/2"]
[WhiteElo "1975"]
[BlackElo "2205"]
[WhiteTeam "T.S Alyans Satranc Sports Club"]
[BlackTeam "Besiktas Jimnastik Kulubu"]
[WhiteFideId "6349005"]
[BlackFideId "6336760"]
[EventDate "2015.08.04"]

1. d4 Nf6 2. c4 g6 3. Nc3 d5 4. cxd5 Nxd5 5. Bd2 Bg7 6. e4 Nb6 7. Be3 O-O 8. h3
f5 9. exf5 Bxf5 10. Nf3 Nc6 11. Qb3+ Kh8 12. d5 Ne5 13. Nxe5 Bxe5 14. g4 Bd7 15.
Bg2 a5 16. O-O a4 17. Qb4 a3 18. Bd4 Bf6 19. b3 Rf7 20. Rad1 Qf8 21. Bxf6+ exf6
22. d6 Bc6 23. Bxc6 bxc6 24. Qc5 Nc8 25. Ne4 Nxd6 26. Nxd6 cxd6 27. Qxd6 Qxd6
28. Rxd6 Re7 29. Rfd1 Kg7 30. Rxc6 Raa7 31. Kf1 Re5 32. Rdd6 f5 33. Ra6 Rf7 34.
Rxa3 fxg4 35. hxg4 Re4 36. Ra4 Rxa4 37. bxa4 Rf4 38. Rd7+ Kh6 39. g5+ Kxg5 40.
Rxh7 Rxa4 41. Rh2 Ra3 1/2-1/2

[Event "TCh-TUR Super League 2015"]
[Site "Kocaeli TUR"]
[Date "2015.08.08"]
[Round "5.4"]
[Board "8"]
[White "Arda, Cagil Irmak"]
[Black "Ozbay, Ece"]
[Result "1/2-1/2"]
[WhiteTitle "WCM"]
[BlackTitle "WCM"]
[WhiteElo "1915"]
[BlackElo "1804"]
[WhiteTeam "Besiktas Jimnastik Kulubu"]
[BlackTeam "T.S Alyans Satranc Sports Club"]
[WhiteFideId "6351700"]
[BlackFideId "6351743"]
[EventDate "2015.08.04"]

1. e4 c5 2. Nf3 Nc6 3. d4 cxd4 4. Nxd4 g6 5. Nc3 Bg7 6. Nde2 Nf6 7. g3 O-O 8.
Bg2 d6 9. O-O Ne5 10. h3 Bd7 11. b3 Bc6 12. a4 Ned7 13. Ra2 Nc5 14. f3 a5 15.
Be3 b6 16. Nd5 e6 17. Ndc3 Ra7 18. Nd4 Ba8 19. Ncb5 Rd7 20. Ne2 Qb8 21. c3 Na6
22. g4 h6 23. Qe1 e5 24. c4 Nc5 25. Qb1 Rc8 26. Rd1 Bc6 27. Nec3 Ne6 28. Qc1 g5
29. Rad2 Bf8 30. Ne2 Nh7 31. Ng3 Ng7 32. Rd3 Be7 33. Qd2 Bxb5 34. axb5 Nf8 35.
Nf5 Nxf5 36. gxf5 Nh7 37. f6 Bxf6 38. Rxd6 Rxd6 39. Qxd6 Qxd6 40. Rxd6 Rd8 41.
Rxb6 Rd3 42. Kf2 Rxb3 43. c5 Kg7 44. Bf1 Be7 45. Ra6 Rb2+ 46. Be2 Nf8 47. c6 Ne6
48. b6 Nf4 49. c7 Rxe2+ 50. Kf1 Rxe3 51. c8=Q Bb4 52. b7 Re1+ 53. Kf2 Re2+ 54.
Kg1 Re1+ 55. Kh2 Re2+ 56. Kg1 Re1+ 1/2-1/2

[Event "TCh-TUR Super League 2015"]
[Site "Kocaeli TUR"]
[Date "2015.08.08"]
[Round "5.5"]
[Board "1"]
[White "Volkov, Sergey"]
[Black "Karaahmetoglu, Ege"]
[Result "1-0"]
[WhiteTitle "GM"]
[WhiteElo "2589"]
[BlackElo "2032"]
[WhiteTeam "Kocaeli Buyuksehir Belediyesi Kagit Sports Club"]
[BlackTeam "Ankara Demirspor Kulubu"]
[WhiteFideId "4122763"]
[BlackFideId "6361145"]
[EventDate "2015.08.04"]

1. d4 d5 2. c4 c6 3. e3 Nf6 4. Nc3 e6 5. Nf3 Nbd7 6. Bd3 Bd6 7. O-O O-O 8. e4
dxc4 9. Bxc4 e5 10. Bg5 Qe7 11. d5 Nb6 12. Nd2 h6 13. Bh4 g5 14. Bg3 Kg7 15. Rc1
Bd7 16. Qe2 Rac8 17. Bb3 Rfe8 18. Rfe1 Nh7 19. Nf1 Nf8 20. Ne3 Ng6 21. dxc6 bxc6
22. Nf5+ Bxf5 23. exf5 Nf4 24. Qf3 Nd7 25. Bxf4 gxf4 26. Qg4+ Qg5 27. Qxg5+ hxg5
28. Rcd1 1-0

[Event "TCh-TUR Super League 2015"]
[Site "Kocaeli TUR"]
[Date "2015.08.08"]
[Round "5.5"]
[Board "2"]
[White "Ahmetoglu, Ziya"]
[Black "Ari, Zeki"]
[Result "1-0"]
[BlackTitle "FM"]
[WhiteElo "1943"]
[BlackElo "2192"]
[WhiteTeam "Ankara Demirspor Kulubu"]
[BlackTeam "Kocaeli Buyuksehir Belediyesi Kagit Sports Club"]
[WhiteFideId "6309259"]
[BlackFideId "6300421"]
[EventDate "2015.08.04"]

1. d4 Nf6 2. Nf3 c6 3. e3 d5 4. Bd3 Bg4 5. O-O Nbd7 6. b3 e6 7. Nbd2 Bd6 8. Bb2
a5 9. e4 dxe4 10. Nxe4 Nxe4 11. Bxe4 Nf6 12. Bd3 a4 13. c4 Qa5 14. d5 cxd5 15.
h3 Bh5 16. g4 Bg6 17. Bxf6 gxf6 18. cxd5 Qxd5 19. Bb5+ Qxb5 20. Qxd6 h5 21. Rfe1
Qc6 22. Qf4 hxg4 23. hxg4 axb3 24. Rac1 Qa4 25. Rc4 Qxa2 26. Qxf6 Rh3 27. Rec1
Bc2 28. Ng5 1-0

[Event "TCh-TUR Super League 2015"]
[Site "Kocaeli TUR"]
[Date "2015.08.08"]
[Round "5.5"]
[Board "3"]
[White "Ersahin, Bulent"]
[Black "Severcan, Sedat Sabri"]
[Result "1-0"]
[WhiteElo "2171"]
[BlackElo "1819"]
[WhiteTeam "Kocaeli Buyuksehir Belediyesi Kagit Sports Club"]
[BlackTeam "Ankara Demirspor Kulubu"]
[WhiteFideId "6302670"]
[BlackFideId "6351395"]
[EventDate "2015.08.04"]

1. d4 d5 2. Nf3 Nf6 3. c4 c6 4. g3 e6 5. Bg2 Bb4+ 6. Bd2 Be7 7. O-O b6 8. Nc3
O-O 9. Bf4 Bd6 10. Ne5 Bb7 11. e4 dxc4 12. Qe2 Bc7 13. Rfd1 Qe7 14. Qxc4 b5 15.
Qe2 Rd8 16. Rac1 Bb6 17. Be3 Nbd7 18. Nd3 h6 19. h3 a5 20. f4 Rac8 21. Kh2 Nf8
22. e5 Nd5 23. Nxd5 cxd5 24. Nc5 Bxc5 25. dxc5 Bc6 26. Bd4 g6 27. g4 Kh7 28. Rd3
b4 29. Qf2 Nd7 30. f5 gxf5 31. gxf5 Qg5 32. Rg3 Qxc1 33. fxe6 Rg8 34. Qxf7+ Kh8
35. exd7 1-0

[Event "TCh-TUR Super League 2015"]
[Site "Kocaeli TUR"]
[Date "2015.08.08"]
[Round "5.5"]
[Board "5"]
[White "Nikolova, Adriana"]
[Black "Gyokbulut, Julia"]
[Result "1-0"]
[WhiteTitle "WGM"]
[BlackTitle "WFM"]
[WhiteElo "2304"]
[BlackElo "1975"]
[WhiteTeam "Kocaeli Buyuksehir Belediyesi Kagit Sports Club"]
[BlackTeam "Ankara Demirspor Kulubu"]
[WhiteFideId "2908689"]
[BlackFideId "4153979"]
[EventDate "2015.08.04"]

1. e4 e6 2. d4 d5 3. Nd2 dxe4 4. Nxe4 Nd7 5. Bd3 Ngf6 6. Qe2 Nxe4 7. Bxe4 Be7 8.
Nf3 c5 9. c3 cxd4 10. Nxd4 Nc5 11. Bc2 Bf6 12. Be3 Qe7 13. O-O-O a6 14. Rhe1 g6
15. f4 O-O 16. h4 Re8 17. Nf3 b5 18. h5 Bb7 19. hxg6 fxg6 20. Ne5 Bxe5 21. fxe5
Nd7 22. Bh6 Bd5 23. Qg4 Kh8 24. Kb1 Rg8 25. Rh1 Qe8 26. Rxd5 exd5 27. e6 Nf6 28.
Qe2 Qb8 29. Rf1 Ne8 30. Bf4 Qb6 31. Be5+ Ng7 32. Bxg6 Raf8 33. Rh1 1-0

[Event "TCh-TUR Super League 2015"]
[Site "Kocaeli TUR"]
[Date "2015.08.08"]
[Round "5.5"]
[Board "6"]
[White "Yuksel, Atilla Koksal"]
[Black "Gundogan, Cem"]
[Result "1/2-1/2"]
[WhiteTitle "CM"]
[WhiteElo "2103"]
[BlackElo "2060"]
[WhiteTeam "Ankara Demirspor Kulubu"]
[BlackTeam "Kocaeli Buyuksehir Belediyesi Kagit Sports Club"]
[WhiteFideId "6306667"]
[BlackFideId "6311032"]
[EventDate "2015.08.04"]

1. e4 e6 2. d4 d5 3. Nc3 dxe4 4. Nxe4 Nf6 5. Nxf6+ Qxf6 6. Nf3 h6 7. Be3 Bd6 8.
Qd2 Nc6 9. Be2 O-O 10. g4 e5 11. g5 hxg5 12. Bxg5 Qf5 13. Rg1 Re8 14. O-O-O exd4
15. Bh6 g6 16. Nxd4 Nxd4 17. Qxd4 Qe5 18. Qxe5 Bxe5 19. Bc4 Be6 20. Bxe6 Rxe6
21. f4 Bd6 22. f5 Rf6 23. fxg6 1/2-1/2

[Event "TCh-TUR Super League 2015"]
[Site "Kocaeli TUR"]
[Date "2015.08.08"]
[Round "5.5"]
[Board "7"]
[White "Kilic, Efe Mert"]
[Black "Yaver, Faik Emre"]
[Result "1-0"]
[WhiteElo "1816"]
[BlackElo "2006"]
[WhiteTeam "Kocaeli Buyuksehir Belediyesi Kagit Sports Club"]
[BlackTeam "Ankara Demirspor Kulubu"]
[WhiteFideId "6354327"]
[BlackFideId "6329969"]
[EventDate "2015.08.04"]

1. e4 c5 2. Nc3 Nc6 3. f4 a6 4. a4 d6 5. Nf3 g6 6. Bc4 Bg7 7. O-O e6 8. Qe1 Nd4
9. Nxd4 Bxd4+ 10. Kh1 Ne7 11. d3 O-O 12. f5 Nc6 13. Bh6 Bg7 14. Bxg7 Kxg7 15.
f6+ Kh8 16. Qh4 Rg8 17. Qg5 Qf8 18. Rf4 h6 19. Rh4 Kh7 20. Re1 Rh8 21. Re3 Kg8
22. Reh3 h5 23. Rxh5 Rxh5 24. Rxh5 Ne5 25. Rh3 1-0

[Event "TCh-TUR Super League 2015"]
[Site "Kocaeli TUR"]
[Date "2015.08.08"]
[Round "5.5"]
[Board "8"]
[White "Sahin, Hayrun Nisa"]
[Black "Gundogan, Sinem Cagla"]
[Result "1/2-1/2"]
[WhiteElo "1648"]
[BlackElo "1913"]
[WhiteTeam "Ankara Demirspor Kulubu"]
[BlackTeam "Kocaeli Buyuksehir Belediyesi Kagit Sports Club"]
[WhiteFideId "6380875"]
[BlackFideId "6325378"]
[EventDate "2015.08.04"]

1. e4 e5 2. Nf3 Nc6 3. Nc3 Nf6 4. d4 exd4 5. Nxd4 Bb4 6. Nxc6 bxc6 7. Bd3 d5 8.
exd5 cxd5 9. O-O O-O 10. Bg5 c6 11. Qf3 Be7 12. Rae1 Rb8 13. Nd1 Be6 14. h3 Qd7
15. c3 Rfe8 16. Bc1 c5 17. Ne3 d4 18. cxd4 cxd4 19. Nf5 Bb4 20. Rd1 Bd5 21. Qg3
g6 22. Nh6+ Kg7 23. a3 Nh5 24. Qh4 Be7 25. Qg4 Be6 26. Qf3 Red8 27. Ng4 f5 28.
Ne5 Qd6 29. Rfe1 Bd5 30. Qe2 Bf6 31. g4 fxg4 32. hxg4 Bxe5 33. Qxe5+ Qxe5 34.
Rxe5 Bf3 35. Be2 Bxe2 36. Rxe2 Nf6 37. Bg5 Rf8 38. Bxf6+ Rxf6 39. Rxd4 Rf7 40.
b4 Rb5 41. Ree4 h5 42. Kg2 hxg4 43. Rxg4 Rbf5 44. Rd2 a5 45. bxa5 Rxa5 46. a4
Rf6 47. Kg3 Raf5 48. Ra2 Ra5 49. f3 Rd6 50. Rb4 Rdd5 51. Rb6 Rd4 52. Rb3 Raxa4
53. Rxa4 Rxa4 54. Rb5 Kf6 55. Rc5 Rd4 56. Rb5 Rc4 1/2-1/2

[Event "TCh-TUR Super League 2015"]
[Site "Kocaeli TUR"]
[Date "2015.08.08"]
[Round "5.6"]
[Board "1"]
[White "Yilmaz, Mustafa"]
[Black "Kuzubov, Yuriy"]
[Result "1/2-1/2"]
[WhiteTitle "GM"]
[BlackTitle "GM"]
[WhiteElo "2582"]
[BlackElo "2638"]
[WhiteTeam "Hatay Buyuksehir Belediyesi Genclik Sports Club"]
[BlackTeam "Tarsus Zeka Satranc Kulubu"]
[WhiteFideId "6302718"]
[BlackFideId "14112906"]
[EventDate "2015.08.04"]

1. d4 g6 2. c4 Bg7 3. e4 d6 4. Nf3 Bg4 5. Be2 Nc6 6. Be3 Bxf3 7. Bxf3 e5 8. d5
Nd4 9. Nc3 c5 10. dxc6 bxc6 11. b4 Ne7 12. O-O O-O 13. Rb1 Rb8 14. Re1 Qc7 15.
Be2 1/2-1/2

[Event "TCh-TUR Super League 2015"]
[Site "Kocaeli TUR"]
[Date "2015.08.08"]
[Round "5.6"]
[Board "2"]
[White "Mchedlishvili, Mikheil"]
[Black "Amonatov, Farrukh"]
[Result "1/2-1/2"]
[WhiteTitle "GM"]
[BlackTitle "GM"]
[WhiteElo "2605"]
[BlackElo "2592"]
[WhiteTeam "Tarsus Zeka Satranc Kulubu"]
[BlackTeam "Hatay Buyuksehir Belediyesi Genclik Sports Club"]
[WhiteFideId "13600966"]
[BlackFideId "14700077"]
[EventDate "2015.08.04"]

1. Nf3 Nf6 2. c4 c6 3. d4 d5 4. e3 Bf5 5. Nc3 e6 6. Nh4 Be4 7. f3 Bg6 8. Qb3 Qb6
9. Nxg6 hxg6 10. Bd2 Nbd7 11. O-O-O Qxb3 12. axb3 Bd6 13. h3 Nh5 14. Bd3 Ng3 15.
Rhe1 O-O-O 16. Kc2 a6 17. Ne2 1/2-1/2

[Event "TCh-TUR Super League 2015"]
[Site "Kocaeli TUR"]
[Date "2015.08.08"]
[Round "5.6"]
[Board "3"]
[White "Ali Marandi, Cemil Can"]
[Black "Keler, Faruk"]
[Result "1/2-1/2"]
[WhiteTitle "IM"]
[WhiteElo "2414"]
[BlackElo "2286"]
[WhiteTeam "Hatay Buyuksehir Belediyesi Genclik Sports Club"]
[BlackTeam "Tarsus Zeka Satranc Kulubu"]
[WhiteFideId "6300529"]
[BlackFideId "6302734"]
[EventDate "2015.08.04"]

1. e4 e5 2. Nf3 Nc6 3. Bb5 Nf6 4. d3 d6 5. O-O a6 6. Ba4 b5 7. Bb3 Na5 8. c4
Nxb3 9. axb3 bxc4 10. bxc4 Be7 11. h3 O-O 12. Nc3 h6 13. d4 exd4 14. Nxd4 Bd7
15. Re1 Re8 16. Bf4 Bf8 17. Qd3 g6 18. Rad1 Bg7 19. Qf3 Nh5 20. Bh2 Qb8 21. Re2
Qa7 22. Red2 Nf6 23. Bf4 Qb7 24. Re2 Nh5 25. Bc1 Be6 26. Qd3 Nf6 27. Nd5 Nd7 28.
Qc2 Ne5 29. b3 Nc6 30. Nxc6 Qxc6 31. Bb2 Bxd5 32. Rxd5 Bxb2 33. Qxb2 a5 34. h4
a4 35. h5 Re6 36. hxg6 Rxg6 37. Re3 axb3 38. Qxb3 Qa4 39. Qb7 Qa7 40. Rb5 Qxb7
41. Rxb7 Rc8 42. f3 Rg5 43. Rb5 Ra8 44. Rc3 Ra1+ 45. Kh2 Ra2 46. Rxg5+ hxg5 47.
c5 Rd2 48. Rb3 d5 49. Rb8+ Kg7 50. Rd8 c6 51. exd5 cxd5 52. c6 Rc2 53. Rxd5 Rxc6
54. Rxg5+ Kf8 55. Kg3 f6 56. Rb5 Kf7 57. Kg4 Kg6 58. f4 Rc4 59. g3 Ra4 60. Rb3
Rc4 61. Kf3 Rc1 62. Rb4 Rc3+ 63. Kg4 Rc6 64. f5+ Kh6 65. Re4 Rc1 66. Rd4 Ra1 67.
Rb4 Rc1 68. Rd4 1/2-1/2

[Event "TCh-TUR Super League 2015"]
[Site "Kocaeli TUR"]
[Date "2015.08.08"]
[Round "5.6"]
[Board "5"]
[White "Altinoz, Fevziye Ece"]
[Black "Kaplan, Ebru"]
[Result "0-1"]
[WhiteElo "1543"]
[BlackElo "1902"]
[WhiteTeam "Hatay Buyuksehir Belediyesi Genclik Sports Club"]
[BlackTeam "Tarsus Zeka Satranc Kulubu"]
[WhiteFideId "6358942"]
[BlackFideId "6315194"]
[EventDate "2015.08.04"]

1. e4 e5 2. Nf3 Nc6 3. Bc4 Be7 4. O-O Nf6 5. Nc3 d6 6. h3 O-O 7. d4 exd4 8. Nxd4
Ne5 9. Be2 c5 10. Nf3 a6 11. a4 Bd7 12. Bf4 Qc7 13. Qd2 Bc6 14. Nd5 Bxd5 15.
exd5 Ng6 16. c4 Ne4 17. Qe3 f5 18. Bg5 Rae8 19. Bxe7 Rxe7 20. Rfe1 Rfe8 21. Bd3
Qb6 22. Qc1 Qb4 23. Qc2 Nf4 24. Bxe4 Rxe4 25. Rxe4 Rxe4 26. b3 h6 27. Kf1 Ne2
28. Rd1 b5 29. Rd2 Nf4 30. axb5 axb5 31. cxb5 Qxb5+ 32. Kg1 Ne2+ 33. Kh2 Qe8 34.
g3 Qh5 35. Kg2 Qe8 36. Nh4 Nd4 37. Qd3 Qe5 38. Nf3 Qxd5 39. Qc3 Qb7 40. Rb2 Re6
41. b4 Qxf3+ 42. Qxf3 Nxf3 43. Kxf3 cxb4 44. Rxb4 Kf7 45. Kf4 Kf6 46. Rb5 g5+
47. Kf3 Re7 48. Rd5 Ke6 49. Rd3 Ra7 50. Re3+ Kf6 51. Rd3 Ra6 52. g4 f4 53. Ke4
Ke6 54. Kf3 Ke5 55. Rb3 d5 56. Rd3 Kd6 57. h4 Kc5 58. hxg5 hxg5 59. Rd2 Ra3+ 60.
Ke2 f3+ 61. Kd1 Ra1+ 62. Kc2 Ra2+ 63. Kd3 Rxd2+ 64. Kxd2 Kd4 0-1

[Event "TCh-TUR Super League 2015"]
[Site "Kocaeli TUR"]
[Date "2015.08.08"]
[Round "5.6"]
[Board "6"]
[White "Komut, Burak"]
[Black "Buyukasik, Diyap"]
[Result "1-0"]
[WhiteElo "2007"]
[BlackElo "2074"]
[WhiteTeam "Tarsus Zeka Satranc Kulubu"]
[BlackTeam "Hatay Buyuksehir Belediyesi Genclik Sports Club"]
[WhiteFideId "6309984"]
[BlackFideId "6319602"]
[EventDate "2015.08.04"]

1. Nf3 Nf6 2. g3 g6 3. Bg2 Bg7 4. O-O O-O 5. d3 d5 6. Nbd2 c5 7. e4 Nc6 8. a4 e5
9. c3 h6 10. Qe2 Be6 11. exd5 Nxd5 12. Nc4 Qc7 13. Re1 Rfe8 14. Bd2 Nb6 15. Ne3
Na5 16. c4 Nb3 17. Ra3 Nd4 18. Qd1 e4 19. dxe4 Nxc4 20. Nxc4 Bxc4 21. Nxd4 Bxd4
22. Qc2 Be6 23. Bxh6 Qe5 24. Bf4 Qg7 25. Rd3 Bxb2 26. Qxc5 Rec8 27. Qe3 Rc4 28.
Bh6 Qe5 29. Red1 Kh7 30. Bf4 Qa5 31. e5 Qxa4 32. Bxb7 Rb8 33. Bd5 Bxd5 34. Rxd5
Rb3 35. Qe2 Rd4 36. R5xd4 Bxd4 37. Qg4 Rb4 38. Rc1 Rc4 39. Rxc4 Qxc4 40. Be3 1-0

[Event "TCh-TUR Super League 2015"]
[Site "Kocaeli TUR"]
[Date "2015.08.08"]
[Round "5.6"]
[Board "7"]
[White "Temizkan, Denizcan"]
[Black "Sevgi, Volkan"]
[Result "0-1"]
[WhiteTitle "FM"]
[BlackTitle "FM"]
[WhiteElo "1906"]
[BlackElo "2263"]
[WhiteTeam "Hatay Buyuksehir Belediyesi Genclik Sports Club"]
[BlackTeam "Tarsus Zeka Satranc Kulubu"]
[WhiteFideId "6325157"]
[BlackFideId "6325335"]
[EventDate "2015.08.04"]

1. d4 d5 2. c4 c6 3. e3 e6 4. Nf3 f5 5. Nc3 Nf6 6. Be2 Bd6 7. O-O O-O 8. Qc2 Ne4
9. Ne5 Nd7 10. f3 Nxc3 11. Qxc3 Nxe5 12. dxe5 Be7 13. Bd2 Bd7 14. Rfd1 Qe8 15.
Rac1 g5 16. e4 dxe4 17. fxe4 f4 18. c5 b6 19. b4 a5 20. Qb3 a4 21. Qc4 bxc5 22.
bxc5 Kh8 23. Bb4 Ra7 24. Rc3 Qg6 25. Bg4 Bc8 26. Rh3 Rd8 27. Rxd8+ Bxd8 28. Bc3
Be7 29. a3 Rd7 30. Bb4 Rd8 31. Rd3 Rxd3 32. Qxd3 Kg8 33. Bd1 g4 34. Bxa4 Qg5 35.
Qc3 f3 36. Bb3 Qf4 37. Bc4 Qxe4 38. gxf3 gxf3 39. Bf1 Bh4 40. h3 Bg3 41. Bg2 f2+
42. Kf1 Ba6+ 0-1

[Event "TCh-TUR Super League 2015"]
[Site "Kocaeli TUR"]
[Date "2015.08.08"]
[Round "5.6"]
[Board "8"]
[White "Okuyaz, Duru"]
[Black "Micoogullari, Lara"]
[Result "1/2-1/2"]
[WhiteTitle "WCM"]
[WhiteElo "1919"]
[BlackElo "1668"]
[WhiteTeam "Tarsus Zeka Satranc Kulubu"]
[BlackTeam "Hatay Buyuksehir Belediyesi Genclik Sports Club"]
[WhiteFideId "6346022"]
[BlackFideId "6344968"]
[EventDate "2015.08.04"]

1. e4 c5 2. Nf3 d6 3. Bb5+ Bd7 4. Bxd7+ Qxd7 5. O-O Nf6 6. Re1 Nc6 7. c3 e6 8.
d4 cxd4 9. cxd4 d5 10. e5 Ne4 11. Nbd2 Nxd2 12. Bxd2 Be7 13. Rc1 O-O 14. a3 Rac8
15. Rc3 Rc7 16. Rd3 Rfc8 17. Ng5 h6 18. Nh3 b5 19. Qg4 f5 20. Qg6 Bf8 21. Nf4
Nd8 22. Nh5 Kh8 23. Rh3 Qf7 24. Qg3 Nc6 25. Qd3 b4 26. Nf4 bxa3 27. bxa3 Ne7 28.
Qa6 Ng6 29. Nxe6 Rc6 30. Ng5 Rxa6 31. Nxf7+ Kg8 32. e6 Re8 33. Rhe3 Rxa3 34.
Rxa3 Bxa3 35. Ba5 Nf4 36. Nd8 Nd3 37. Re3 Bb4 38. Bxb4 Nxb4 39. e7 Nc2 40. Re5
Nxd4 41. h4 g6 42. Kf1 a6 43. Rxd5 Nb5 44. Re5 Kg7 45. Ke2 Nd6 46. Re6 Nc8 47.
Nc6 Kf7 48. Nd8+ Kg7 49. Nc6 Kf7 50. Nd8+ Kg7 51. Nc6 1/2-1/2